[Event "Mechanics' Spring TNM; 30/90, SD/30"]
[Site "San Francisco"]
[Date "2014.03.25"]
[Round "2.10"]
[White "Manvelyan, Hovik"]
[Black "Eytan, David"]
[Result "1-0"]
[WhiteElo "2030"]
[BlackElo "1637"]
[PlyCount "73"]
[EventDate "2014.??.??"]

1. e4 c5 2. f4 d6 3. Nc3 Nc6 4. Nf3 g6 5. Bc4 Bg7 6. d3 Nf6 7. O-O Bg4 8. h3
Bxf3 9. Qxf3 Nd4 10. Qd1 a6 11. Ne2 Nh5 12. Kh2 e6 13. Nxd4 Bxd4 14. c3 Bg7 15.
g4 Nf6 16. f5 d5 17. exd5 Nxd5 18. fxe6 fxe6 19. Bxd5 Qxd5 20. Qa4+ b5 21. Qe4
Qxe4 22. dxe4 O-O-O 23. Be3 Be5+ 24. Kg2 c4 25. Rad1 Rxd1 26. Rxd1 Rd8 27.
Rxd8+ Kxd8 28. Kf3 Kd7 29. g5 Kd6 30. Bb6 b4 31. Bd4 a5 32. Bxe5+ Kxe5 33. Ke3
bxc3 34. bxc3 Kd6 35. Kd4 e5+ 36. Kxc4 Kc6 37. a4 1-0

[Event "Mechanics' SummerTNM; 30/90, SD/30"]
[Site "San Francisco"]
[Date "2014.07.08"]
[Round "7.14"]
[White "Manvelyan, Hovik"]
[Black "Flores, David"]
[Result "1-0"]
[WhiteElo "2026"]
[BlackElo "1732"]
[PlyCount "81"]
[EventDate "2014.??.??"]

1. h4 b6 2. b3 Bb7 3. Bb2 e6 4. Nf3 Nc6 5. g3 Nf6 6. Bg2 Be7 7. c4 h6 8. d3 a5
9. a3 Nh5 10. Nfd2 Bf6 11. Nc3 Be7 12. e3 Nf6 13. d4 Qc8 14. Rc1 Ne5 15. dxe5
Bxg2 16. Rg1 Bh3 17. exf6 Bxf6 18. Qf3 Bf5 19. Na4 Bxb2 20. Nxb2 O-O 21. g4 Bg6
22. g5 h5 23. Qg2 e5 24. Ne4 Qd8 25. Ng3 Qe7 26. Ra1 c6 27. e4 Qc5 28. Na4 Qe7
29. Qf3 f5 30. exf5 b5 31. cxb5 cxb5 32. Nb6 Ra6 33. Nd5 Qc5 34. Ne4 Qc2 35.
Ne7+ Kh8 36. Nxg6+ Rxg6 37. Qxh5+ Rh6 38. gxh6 Qxe4+ 39. Qe2 Qxe2+ 40. Kxe2
gxh6 41. Rad1 1-0

[Event "Mechanics' Fall TNM; 30/90, SD/30"]
[Site "San Francisco"]
[Date "2014.11.25"]
[Round "5.12"]
[White "Manvelyan, Hovik"]
[Black "Gerwin, Gene"]
[Result "0-1"]
[WhiteElo "2005"]
[BlackElo "1906"]
[Annotator "Donaldson"]
[PlyCount "88"]
[EventDate "2014.??.??"]

1. d4 d6 2. c4 c6 3. Nc3 e5 4. d5 f5 5. e4 Nf6 6. exf5 Bxf5 7. Nge2 Be7 8. Ng3
Qd7 9. Bd3 g6 10. Qc2 Bxd3 11. Qxd3 O-O 12. f3 Na6 13. Bh6 Rfc8 14. h4 Nb4 15.
Qd2 cxd5 16. cxd5 Rxc3 17. bxc3 Nbxd5 18. h5 Qc7 19. hxg6 Qxc3 20. gxh7+ Nxh7
21. Qxc3 Nxc3 22. Bd2 Na4 23. Nf5 Bf8 24. Bh6 Rd8 25. Bxf8 Nxf8 26. Rd1 e4 27.
fxe4 Nc3 28. Rxd6 Re8 29. Ng3 Nxe4 30. Nxe4 Rxe4+ 31. Kf2 Ra4 32. Rd2 b5 33.
Rh5 b4 34. g4 Ra3 35. Rb5 a5 36. Rb7 Rh3 37. Ra7 b3 38. axb3 Rxb3 39. Rd8 Rb2+
40. Kg3 {
Almost anything would seems to win for White but chess can be a cruel game.}
Rb3+ 41. Kf4 Rb4+ 42. Ke5 Rb5+ 43. Kf6 Rb6+ 44. Ke7 $4 Re6# 0-1

[Event "Mechanics' SummerTNM; 30/90, SD/30"]
[Site "San Francisco"]
[Date "2014.05.27"]
[Round "1.12"]
[White "Manvelyan, Hovik"]
[Black "James, Charles"]
[Result "1/2-1/2"]
[WhiteElo "2026"]
[BlackElo "1517"]
[Annotator "Donaldson"]
[PlyCount "49"]
[EventDate "2014.??.??"]

1. e4 e6 2. Qe2 Nc6 3. Nf3 g6 4. g3 Bg7 5. Bg2 e5 6. O-O d6 7. c3 Be6 8. d3 h6
9. Nh4 Nge7 10. f4 Qd7 11. Be3 f5 12. Nd2 O-O-O 13. b4 $2 exf4 14. gxf4 Bxc3
15. Rac1 Bxb4 16. a3 Bxa3 17. Rb1 Bc5 18. Rfc1 Nd4 19. Qf2 Nec6 20. exf5 Bxf5 (
{Objectively Black was better after} 20... Nxf5 21. Bxc6 Qxc6 22. d4 Nxe3 23.
Qxe3 Rhe8 {but it's tricky.}) 21. Bxd4 Bxd4 22. Qxd4 Nxd4 23. Bxb7+ Kb8 24.
Bc6+ Kc8 25. Bb7+ 1/2-1/2

[Event "Mechanics' Spring TNM; 30/90, SD/30"]
[Site "San Francisco"]
[Date "2014.04.08"]
[Round "4.9"]
[White "Manvelyan, Hovik"]
[Black "Lardent, Ranen"]
[Result "1-0"]
[WhiteElo "2030"]
[BlackElo "1798"]
[PlyCount "91"]
[EventDate "2014.??.??"]

1. d4 e6 2. c4 f5 3. Nc3 Nf6 4. Nf3 d5 5. Bg5 c6 6. e3 Bd6 7. Be2 O-O 8. Ne5
Nbd7 9. f4 Qe8 10. c5 Bc7 11. Bxf6 Nxf6 12. Qc2 Ne4 13. Nxe4 fxe4 14. a3 Bxe5
15. fxe5 Qg6 16. g3 h5 17. O-O-O Qh6 18. Kd2 Bd7 19. Rdf1 Rxf1 20. Rxf1 Rf8 21.
Rxf8+ Kxf8 22. Qa4 a6 23. Qb4 Bc8 24. Qb6 Qg6 25. Qd8+ Qe8 26. Qxe8+ Kxe8 27.
Bxh5+ Kf8 28. Kc3 Ke7 29. Kb4 Kd8 30. Ka5 Kc7 31. Bg6 Bd7 32. h4 b6+ 33. cxb6+
Kb7 34. b4 c5 35. bxc5 Bb5 36. Bf7 Bd7 37. g4 Bb5 38. Bxe6 Be8 39. Bxd5+ Kb8
40. c6 Bd7 41. cxd7 g5 42. e6 gxh4 43. Kxa6 h3 44. d8=B h2 45. Bb7 h1=Q 46.
Bc7# 1-0

[Event "Mechanics' Spring TNM; 30/90, SD/30"]
[Site "San Francisco"]
[Date "2014.04.29"]
[Round "7.6"]
[White "Manvelyan, Hovik"]
[Black "Potharum, Eitetsu"]
[Result "1/2-1/2"]
[WhiteElo "2030"]
[BlackElo "1800"]
[PlyCount "120"]
[EventDate "2014.??.??"]

1. Nf3 Nf6 2. b3 b6 3. Bb2 Bb7 4. d4 e6 5. Nbd2 Be7 6. c4 c5 7. Qc2 d5 8. e3
Nbd7 9. Rc1 Rc8 10. Qb1 h6 (10... O-O 11. g4 cxd4 12. exd4 Bb4 13. g5 Ne4) 11.
Bd3 a6 (11... cxd4 12. exd4 O-O) 12. O-O O-O 13. Rfd1 Qc7 14. cxd5 exd5 15. Bf5
(15. dxc5 bxc5 16. e4 $14) 15... Qd8 (15... Rfd8) 16. Ne5 cxd4 17. Rxc8 Bxc8
18. Nc6 Qe8 19. Bxd4 Bb7 20. Nxe7+ Qxe7 21. Qb2 Bc8 22. Rc1 Rd8 23. Bxd7 (23.
Bxf6 Qxf6 24. Qxf6 gxf6 25. Rc6 $18) 23... Bxd7 24. Bxb6 Rc8 25. Rxc8+ Bxc8 26.
Bd4 Ne8 27. Qc3 Qe6 28. b4 Bd7 29. Nb3 Qc6 30. Nc5 Bc8 31. a4 f6 32. h3 Nc7 33.
Qd3 Ne6 34. Qc3 Nxc5 35. Qxc5 (35. a5 $1) 35... Qxc5 36. Bxc5 Bd7 37. a5 Kf7
38. Kf1 g6 39. h4 h5 40. Ke2 Ke6 41. Bd4 Bb5+ 42. Kf3 Kf5 43. Kg3 Be2 44. f3
Bd3 45. Kf2 Ke6 46. g4 f5 47. gxh5 gxh5 48. f4 Kd6 49. Ke1 Kc6 50. Kd2 Be4 51.
Kc3 Kb5 52. Bc5 Bf3 53. Kd4 Kc6 54. Ke5 Bg4 55. Kf6 Kb5 56. Ke6 Kc6 57. Ke7 Bh3
58. Kd8 Bg4 59. Ke7 Bh3 60. Kf6 Kb5 1/2-1/2

[Event "Mechanics' Fall TNM; 30/90, SD/30"]
[Site "San Francisco"]
[Date "2014.11.04"]
[Round "3.15"]
[White "Manvelyan, Hovik"]
[Black "Reyes, Robert"]
[Result "1/2-1/2"]
[WhiteElo "2005"]
[BlackElo "1607"]
[PlyCount "60"]
[EventDate "2014.??.??"]

1. Nf3 Nf6 2. b3 b6 3. Bb2 Bb7 4. e3 e6 5. c4 d6 6. Nc3 a6 7. d4 Be7 8. Bd3 h6
9. Qc2 Nbd7 10. h3 c5 11. O-O-O Qc7 12. Rhe1 O-O-O 13. Kb1 Kb8 14. Bf1 Rhe8 15.
Nd2 d5 16. cxd5 exd5 17. Nf3 Rc8 18. Rc1 Bd6 19. Na4 cxd4 20. Qxc7+ Rxc7 21.
Rxc7 Bxc7 22. Bxd4 b5 23. Nc3 Bb6 24. Bxb6 Nxb6 25. Rc1 b4 26. Nd1 Ne4 27. Kb2
Rc8 28. Nd4 g6 29. Bd3 Nc5 30. Be2 Nbd7 1/2-1/2

[Event "Mechanics' Fall TNM; 30/90, SD/30"]
[Site "San Francisco"]
[Date "2014.10.21"]
[Round "1.18"]
[White "Manvelyan, Hovik"]
[Black "Robertson, Guy"]
[Result "1-0"]
[WhiteElo "2005"]
[BlackElo "1494"]
[Annotator "Donaldson"]
[PlyCount "71"]
[EventDate "2014.??.??"]

1. e4 c5 2. b4 b6 3. f4 e6 4. Bb2 Bb7 5. d3 Nc6 6. bxc5 bxc5 7. Nf3 Nf6 8. Nbd2
Be7 9. Nc4 d5 10. exd5 exd5 11. Nce5 O-O 12. Be2 d4 $1 13. O-O Nd5 $1 {
Guy targets the weak e3 square.} 14. Nc4 Na5 {Black continues to try to get a
knight to e3 but there was nothing wrong with winning a free pawn with} (14...
Nxf4) 15. Nxa5 Qxa5 16. Qd2 Qxd2 17. Nxd2 Ne3 18. Rf2 Nxc2 19. Rb1 Bd5 20. Bf3
Bxf3 21. Rxf3 f5 ({Putting the rooks on open files by} 21... Rab8 22. Nc4 Rfe8
{makes a lot of sense.}) 22. Nc4 Rab8 23. a3 $2 {Diagram #} ({
Breaking the pin with} 23. Rc1 {was essential.}) 23... h6 $6 (23... Ne3 $1 24.
Nxe3 dxe3 25. Rff1 {in view of ...Bf6} Rfd8 {is easily winning.}) 24. Rc1 {
White doesn't miss his second chance.} Ne3 {Now this is not as strong.} 25.
Nxe3 Rxb2 (25... dxe3 26. Be5 Rb3 27. Rxe3 $11) 26. Nc4 Re2 $2 {
This allows White to grab the b-file. After} (26... Rb3 {
Black still has the better of it.}) 27. Rb1 g5 28. Kf1 Re6 29. Rb7 g4 30. Rf2
Re8 31. Rxa7 {Diagram #} g3 $1 {Bravo Guy!} 32. hxg3 Bd6 $4 {Oh no! Instead} (
32... Bh4 $1 33. Ne5 Bxg3 34. Rf3 Bxf4 35. Rxf4 Rxe5 {
with Black on the better side of a likely draw.}) 33. Rb2 Re1+ 34. Kf2 Rd1 35.
Nxd6 Ree1 36. Rb8+ 1-0

[Event "Mechanics' SummerTNM; 30/90, SD/30"]
[Site "San Francisco"]
[Date "2014.06.10"]
[Round "3.9"]
[White "Manvelyan, Hovik"]
[Black "Rosenstein, Perry"]
[Result "0-1"]
[WhiteElo "2026"]
[BlackElo "1725"]
[PlyCount "99"]
[EventDate "2014.??.??"]

1. g3 f5 2. Nf3 Nf6 3. Bg2 g6 4. O-O Bg7 5. c4 O-O 6. Nc3 d6 7. d3 e5 8. Ng5
Qe8 9. Nd5 Na6 10. Rb1 c6 11. Nxf6+ Bxf6 12. f4 Nc7 13. b4 Bd7 14. e3 Rd8 15.
Qc2 h6 16. Nf3 g5 17. Kh1 g4 18. Ng1 h5 19. h4 Qe7 20. Qf2 Kh8 21. Ne2 Rg8 22.
Kg1 Rg7 23. fxe5 dxe5 24. Bb2 Be6 25. d4 Bxc4 26. dxe5 Bxe5 27. Bxe5 Qxe5 28.
Rfc1 Bxe2 29. Qxe2 Qxg3 30. Qf2 Qxf2+ 31. Kxf2 Rd2+ 32. Kg3 Re7 33. Rb3 Rxa2
34. Rc5 Rf7 35. Re5 Rd2 36. Bf1 Nd5 37. Bc4 Kg7 38. Bxd5 Rxd5 39. Rxd5 cxd5 40.
b5 b6 41. Rc3 Rd7 42. Kf4 d4 43. exd4 Rxd4+ 44. Kg5 Rd7 45. Rc6 Kf7 46. Rf6+
Ke7 47. Rxf5 Ke6 48. Rf6+ Kd5 49. Kxh5 Rg7 50. Kh6 {Both sides stopped keeping
score here. Black is winning and duly collected the full point.} 0-1

[Event "Mechanics' Winter TNM; 30/90, SD/30"]
[Site "San Francisco"]
[Date "2014.01.21"]
[Round "3.11"]
[White "Manvelyan, Hovik"]
[Black "Standen, Julian"]
[Result "1-0"]
[WhiteElo "1925"]
[BlackElo "1637"]
[Annotator "Donaldson"]
[PlyCount "33"]
[EventDate "2014.??.??"]

1. Nf3 d5 2. c4 c6 3. g3 Nf6 4. Bg2 dxc4 5. Na3 Bf5 6. Nxc4 e6 7. O-O Nbd7 8.
b3 Be7 9. Bb2 O-O 10. d3 h6 11. a4 a5 12. Ba3 (12. e4 Bg6 13. Qc2) 12... Bxa3
13. Rxa3 Qe7 14. Ra2 Qb4 15. Nd4 Rfe8 16. Nc2 (16. Bxc6 bxc6 17. Nxc6 Qc5 18.
N6xa5 Rxa5 19. Nxa5 Qxa5 20. Qd2 Qa8) 16... Qe7 (16... Qc5 17. d4 Qa7 18. Nd6
Red8 19. Nxf5 exf5 20. Ne3 g6 21. Rd2 $14) 17. Qd2 {A premature resignation.
White is better after 17...Qc5 18.d4 but there is still a game to be played.}
1-0

[Event "Mechanics' Winter TNM; 30/90, SD/30"]
[Site "San Francisco"]
[Date "2014.01.07"]
[Round "1.15"]
[White "Manvelyan, Hovik"]
[Black "Vichik, Adam"]
[Result "1-0"]
[WhiteElo "1925"]
[BlackElo "1361"]
[PlyCount "111"]
[EventDate "2014.??.??"]

1. b3 d5 2. Nf3 c5 3. e3 Nc6 4. Bb5 Qb6 5. Bxc6+ bxc6 6. O-O e6 7. Bb2 Ne7 8.
d3 Ng6 9. Nbd2 Ba6 10. c4 f6 11. h4 h5 12. Qc2 e5 13. Rfe1 Bd6 14. Nf1 Kf7 15.
Ng3 Rad8 16. Ne2 Rhe8 17. Nc3 d4 18. Na4 Qc7 19. e4 Rb8 20. g3 Bc8 21. Ba3 Qe7
22. Qd2 Nf8 23. Qa5 Ne6 24. Kg2 Rd8 25. Ng1 Rd7 26. Rf1 Bc7 27. Qd2 a5 28. Qe2
g6 29. Nh3 Rd8 30. Bc1 Ng7 31. f4 Kg8 32. fxe5 Bxe5 33. Bf4 Bg4 34. Qd2 Ra8 35.
Bxe5 Qxe5 36. Rf2 Ne6 37. Nf4 Kg7 38. Nxe6+ Bxe6 39. Qf4 Rf8 40. Qxe5 fxe5 41.
Raf1 Rf7 42. Rxf7+ Bxf7 43. Nxc5 Ra7 44. g4 hxg4 45. Kg3 Re7 46. Kxg4 Kh6 47.
Rf6 Be8 48. Kg3 Kg7 49. Re6 Rxe6 50. Nxe6+ Kf6 51. Nc5 Ke7 52. Kg4 Kd6 53. Na4
Bf7 54. Kg5 Be8 55. Kf6 Kd7 56. Kxe5 1-0

[Event "Mechanics' Winter TNM; 30/90, SD/30"]
[Site "San Francisco"]
[Date "2014.02.04"]
[Round "5.5"]
[White "Manvelyan, Hovik"]
[Black "Watson, Farid Mark"]
[Result "1/2-1/2"]
[WhiteElo "1925"]
[BlackElo "2053"]
[PlyCount "98"]
[EventDate "2014.??.??"]

1. d4 g6 2. c4 Bg7 3. Nc3 d6 4. e4 Nd7 5. f3 e5 6. Nge2 c6 7. Be3 a6 8. Qd2 Qc7
9. Ng3 Nf8 10. Be2 Ne6 11. d5 Nd4 12. O-O Ne7 13. f4 f5 14. fxe5 dxe5 15. Bh6
Bxh6 16. Qxh6 Ng8 17. Qd2 Ne7 18. exf5 Bxf5 19. Nxf5 Nexf5 20. Bd3 O-O 21. Rae1
Rad8 22. Qg5 Qg7 23. Bxf5 Nxf5 24. Rf2 h6 25. Qg4 Nd4 26. Ref1 Rf5 27. Qe4 Rdf8
28. dxc6 bxc6 29. Nd1 Qf6 30. Qe3 Kh7 31. Qd2 Qd8 32. Ne3 Rxf2 33. Rxf2 Rf4 34.
Nf1 Qf6 35. Ng3 Kg7 36. Ne4 Rxf2 37. Qxf2 Qf4 38. Qxf4 exf4 39. Nc5 a5 40. Nb7
Kf6 41. Nxa5 Ke5 42. Nb3 Nxb3 43. axb3 c5 44. Kf2 Ke4 45. h4 g5 46. hxg5 hxg5
47. Ke2 g4 48. b4 cxb4 49. b3 Kd4 1/2-1/2

[Event "Mechanics' Winter TNM; 30/90, SD/30"]
[Site "San Francisco"]
[Date "2014.02.25"]
[Round "8.3"]
[White "Manvelyan, Hovik"]
[Black "Winslow, Elliott"]
[Result "0-1"]
[WhiteElo "1925"]
[BlackElo "2281"]
[PlyCount "56"]
[EventDate "2014.??.??"]

1. d4 Nf6 2. c4 e6 3. g3 c5 4. Nf3 cxd4 5. Bg2 Qa5+ 6. Nbd2 Nc6 7. O-O e5 8.
Nb3 Qc7 9. e3 dxe3 10. Bxe3 Be7 11. Nh4 d6 12. h3 Be6 13. Nd2 d5 14. Qe2 Rd8
15. f4 d4 16. Bf2 exf4 17. g4 O-O 18. g5 d3 19. Qe1 Nd7 20. g6 Nf6 21. gxf7+
Bxf7 22. Nf5 Bb4 23. a3 Rfe8 24. Qd1 Bxd2 25. Qxd2 Re2 26. Qc3 Qe5 27. Qxe5
Rxe5 28. Nh4 Bxc4 0-1

[Event "Mechanics' SummerTNM; 30/90, SD/30"]
[Site "San Francisco"]
[Date "2014.07.15"]
[Round "8.12"]
[White "Maser, Thomas"]
[Black "Campers, Willie"]
[Result "0-1"]
[WhiteElo "1900"]
[BlackElo "1614"]
[PlyCount "97"]
[EventDate "2014.??.??"]

1. e4 c5 2. Nf3 d6 3. d4 cxd4 4. Nxd4 Nc6 5. Nc3 a6 6. Be3 Nf6 7. Be2 g6 8. O-O
Bg7 9. Kh1 O-O 10. f4 Nd7 11. Nf3 b6 12. Qe1 Nc5 13. Qh4 e6 14. Qe1 Bb7 15. Bd3
Nb4 16. Rd1 Ncxd3 17. cxd3 Nc2 18. Qf2 Nxe3 19. Qxe3 Rc8 20. d4 Qe7 21. e5 d5
22. Rc1 Qb4 23. Qd2 Rc6 24. Nxd5 Qxd2 25. Ne7+ Kh8 26. Nxd2 Rxc1 27. Rxc1 Rd8
28. Rc7 Ba8 29. Nb3 Bh6 30. Nc6 Rf8 31. g3 g5 32. fxg5 Bxg5 33. h4 Be3 34. Kg2
a5 35. Kf3 Bh6 36. a4 Kg8 37. g4 f6 38. exf6 Rxf6+ 39. Ke2 Rf8 40. Ne7+ Kh8 41.
g5 Bg7 42. h5 Bf3+ 43. Ke3 Bxh5 44. Rb7 Rf7 45. Rb8+ Bf8 46. Nd2 Kg7 47. Nc8
Rc7 48. Nxb6 Bb4 49. Rc8 {White lost on time.} 0-1

[Event "Mechanics' Winter TNM; 30/90, SD/30"]
[Site "San Francisco"]
[Date "2014.01.21"]
[Round "3.2"]
[White "Maser, Thomas"]
[Black "Gray, William"]
[Result "0-1"]
[WhiteElo "1947"]
[BlackElo "2034"]
[PlyCount "32"]
[EventDate "2014.??.??"]

1. e4 c5 2. Nf3 d6 3. d4 Nf6 4. Nc3 cxd4 5. Nxd4 a6 6. Be2 g6 7. Be3 Bg7 8. f4
Nc6 9. O-O Bd7 10. a4 Rc8 11. Kh1 O-O 12. Bf3 Na5 13. Nde2 Nc4 14. Bf2 Ng4 15.
Nd4 Nxf2+ 16. Rxf2 Nxb2 0-1

[Event "Mechanics' Winter TNM; 30/90, SD/30"]
[Site "San Francisco"]
[Date "2014.01.07"]
[Round "1.13"]
[White "Maser, Thomas"]
[Black "Hilliard, Michael"]
[Result "1-0"]
[WhiteElo "1947"]
[BlackElo "1400"]
[PlyCount "53"]
[EventDate "2014.??.??"]

1. e4 c6 2. d4 d5 3. Nc3 Nf6 4. e5 Nfd7 5. f4 e6 6. Nf3 c5 7. Be2 Qb6 8. Na4
Qb4+ 9. c3 Qa5 10. O-O b5 11. Nxc5 Nxc5 12. dxc5 Bxc5+ 13. Kh1 Qb6 14. Qe1 O-O
15. Qh4 f5 16. exf6 Rxf6 17. Bd3 Rh6 18. Qg3 Nc6 19. f5 Rf6 20. Bg5 Rf7 21.
Rae1 Na5 22. Ne5 Bd6 23. f6 Nc4 24. Qh4 h6 25. Nxf7 e5 26. fxg7 e4 27. Qxh6 1-0

[Event "Mechanics' SummerTNM; 30/90, SD/30"]
[Site "San Francisco"]
[Date "2014.06.03"]
[Round "2.16"]
[White "Maser, Thomas"]
[Black "Hilliard, Michael"]
[Result "1-0"]
[WhiteElo "1900"]
[BlackElo "1400"]
[PlyCount "67"]
[EventDate "2014.??.??"]

1. e4 c6 2. d4 d5 3. Nc3 dxe4 4. Nxe4 Bf5 5. Ng3 Bg6 6. Nf3 Nf6 7. Bd3 Bxd3 8.
Qxd3 e6 9. O-O Be7 10. b3 O-O 11. Bb2 Nbd7 12. c4 Nc5 13. Qc2 Na6 14. Rfe1 Nb4
15. Qe2 Bd6 16. a3 Na6 17. Rad1 Nc7 18. Ne4 Nce8 19. Nxd6 Nxd6 20. Rd3 Nf5 21.
Red1 Qc7 22. d5 Nh5 23. Be5 Qe7 24. d6 Qd8 25. g4 f6 26. gxf5 fxe5 27. fxe6 Qf6
28. e7 Rfb8 29. Qxe5 Qxe5 30. Nxe5 Nf6 31. d7 Nxd7 32. Rxd7 Re8 33. Rd8 g6 34.
Rxa8 1-0

[Event "Mechanics' Winter TNM; 30/90, SD/30"]
[Site "San Francisco"]
[Date "2014.02.11"]
[Round "6.11"]
[White "Maser, Thomas"]
[Black "Kottkamp, Jeff"]
[Result "1-0"]
[WhiteElo "1947"]
[BlackElo "1678"]
[PlyCount "49"]
[EventDate "2014.??.??"]

1. e4 c5 2. Nf3 d6 3. d4 cxd4 4. Nxd4 Nf6 5. Nc3 a6 6. Be2 e5 7. Nb3 Be7 8. O-O
O-O 9. Kh1 b5 10. Bf3 Bb7 11. Bg5 b4 12. Bxf6 Bxf6 13. Nd5 Nd7 14. Nxb4 Nb6 15.
Na5 Bc8 16. Qd3 Qc7 17. Rfd1 Rd8 18. Nac6 Rd7 19. Bg4 a5 20. Bxd7 axb4 21. Bxc8
Qxc6 22. Bg4 Be7 23. Be2 Na4 24. Qb3 Qxe4 25. Bf3 1-0

[Event "Mechanics' Fall TNM; 30/90, SD/30"]
[Site "San Francisco"]
[Date "2014.12.09"]
[Round "7.24"]
[White "Maser, Tom"]
[Black "Allen, Tom"]
[Result "1-0"]
[WhiteElo "1914"]
[BlackElo "1440"]
[Annotator "Donaldson"]
[PlyCount "61"]
[EventDate "2014.??.??"]

1. e4 e5 2. Nf3 Nc6 3. Bb5 f5 4. d3 Nf6 (4... fxe4 5. dxe4 Nf6) 5. exf5 Bc5 6.
O-O O-O 7. Nc3 d6 8. Bg5 h6 9. Bxf6 Rxf6 10. g4 h5 11. Ng5 Rxf5 12. Bc4+ Kh8
13. h4 Rxg5 14. hxg5 Qxg5 15. Ne4 Qxg4+ 16. Qxg4 Bxg4 17. Nxc5 dxc5 18. f3 Bf5
19. Rae1 Re8 20. Bf7 Re7 21. Bxh5 g6 22. Bg4 Nd4 23. Bxf5 gxf5 24. c3 Nc6 25.
Kf2 Kg7 26. Rh1 Kf7 27. Reg1 Ke6 28. Ke3 b5 29. Rh6+ Kd7 30. Rgg6 a5 31. Rxc6
1-0

[Event "Mechanics' Fall TNM; 30/90, SD/30"]
[Site "San Francisco"]
[Date "2014.12.02"]
[Round "6.26"]
[White "Maser, Tom"]
[Black "Borgo, Seth"]
[Result "1-0"]
[WhiteElo "1914"]
[BlackElo "1150"]
[PlyCount "100"]
[EventDate "2014.??.??"]

1. e4 c5 2. Nf3 Nc6 3. d4 cxd4 4. Nxd4 e5 5. Nxc6 bxc6 6. Nc3 Bb4 7. Bd3 Ne7 8.
Bd2 O-O 9. O-O d6 10. Kh1 Ng6 11. Qh5 Bxc3 12. Bxc3 Nf4 13. Qf3 Nxd3 14. Qxd3
Qc7 15. Rad1 Rd8 16. Bxe5 Ba6 17. Qxa6 dxe5 18. Rd3 Rxd3 19. cxd3 Qb6 20. Qxb6
axb6 21. a3 Rd8 22. Rd1 c5 23. b3 Rd4 24. Kg1 f6 25. Kf1 Kf7 26. Ke2 g5 27. Rb1
h5 28. f3 h4 29. b4 c4 30. dxc4 Rxc4 31. Kd3 Rc7 32. a4 Ke6 33. a5 b5 34. Rb2
Rc4 35. Ra2 Rxb4 36. a6 Rd4+ 37. Kc3 Rd8 38. Kb4 f5 39. exf5+ Kxf5 40. a7 g4
41. a8=Q Rxa8 42. Rxa8 gxf3 43. gxf3 Kf4 44. Rf8+ Ke3 45. Kxb5 Kf2 46. Kc4 Kg2
47. Kd5 Kxh2 48. Rg8 h3 49. Kxe5 Kh1 50. f4 h2 1-0

[Event "Mechanics' Fall TNM; 30/90, SD/30"]
[Site "San Francisco"]
[Date "2014.10.21"]
[Round "1.24"]
[White "Maser, Tom"]
[Black "Hilliard, Michael"]
[Result "1-0"]
[WhiteElo "1914"]
[BlackElo "1400"]
[Annotator "Donaldson"]
[PlyCount "41"]
[EventDate "2014.??.??"]

1. e4 c6 2. d4 d5 3. Nc3 dxe4 4. Nxe4 Nd7 5. Nf3 Ngf6 6. Nxf6+ Nxf6 7. Bc4 Bg4
$2 {Diagram #} (7... Bf5 {was the right move, developing the bishop outside
the pawn chain and following with ...e6.}) 8. Bxf7+ Kxf7 9. Ne5+ Kg8 10. Nxg4
h5 11. Ne5 Ng4 12. O-O Qd6 13. Bf4 Qf6 14. Bg3 e6 15. Nxg4 hxg4 16. Qxg4 Re8
17. Rfe1 Rh6 18. Re3 Rg6 19. Qe4 Qg5 20. Rae1 Bd6 $2 21. Bxd6 1-0

[Event "Mechanics' Whitehead TNM; 30/90, SD/30"]
[Site "San Francisco"]
[Date "2014.09.09"]
[Round "6.12"]
[White "Matz, James"]
[Black "Hakobyan, Sos"]
[Result "0-1"]
[WhiteElo "1785"]
[BlackElo "1953"]
[Annotator "Donaldson"]
[PlyCount "32"]
[EventDate "2014.??.??"]

1. Nf3 Nc6 2. d3 e5 3. Nbd2 d5 4. e4 Bg4 5. h3 Bh5 6. Be2 Bg6 7. exd5 Qxd5 8.
O-O Nf6 9. Re1 Bc5 10. d4 Nxd4 11. Nxe5 $2 (11. Bc4) 11... Bxc2 12. Bc4 O-O-O
13. Bxd5 Bxd1 (13... Rxd5 {weas even stronger as the queen has no where to go.}
14. Qf3 Nxf3+ 15. Ndxf3 Bb4 16. Rf1 Re8 $17) 14. Bxb7+ (14. Nxf7) 14... Kxb7
15. Rxd1 Rd5 16. Kf1 $2 (16. Nd3 Bb6 17. Nf4 Rd7 {
with threats of ...g5, ... Nc2 and ...Rhd8.}) 16... Rxe5 0-1

[Event "Mechanics' Fall TNM; 30/90, SD/30"]
[Site "San Francisco"]
[Date "2014.11.04"]
[Round "3.35"]
[White "Matz, James"]
[Black "James, Charles"]
[Result "1-0"]
[WhiteElo "1785"]
[BlackElo "1542"]
[PlyCount "27"]
[EventDate "2014.??.??"]

1. Nf3 d6 2. g3 b6 3. Bg2 Bb7 4. O-O e5 5. d3 Nf6 6. e4 Be7 7. Nc3 O-O 8. Nh4
Nc6 9. Nf5 Nd4 10. Nxd4 exd4 11. Ne2 c5 12. Re1 Qc7 13. Bf4 Ng4 14. Bd2 $11 {
Both scores illegible from this point on. White won in 31 moves.} 1-0

[Event "Mechanics' Fall TNM; 30/90, SD/30"]
[Site "San Francisco"]
[Date "2014.11.25"]
[Round "5.13"]
[White "Matz, James"]
[Black "Krasnov, Steven"]
[Result "0-1"]
[WhiteElo "1785"]
[BlackElo "2002"]
[Annotator "Donaldson"]
[PlyCount "75"]
[EventDate "2014.??.??"]

1. Nf3 Nf6 2. g3 d5 3. Bg2 g6 4. d3 Bg7 5. Nbd2 O-O 6. O-O c6 7. e4 dxe4 8.
dxe4 Qc7 9. Qe2 Na6 10. Nc4 Nh5 11. e5 Nb4 12. h3 Nd5 13. Re1 h6 14. Ne3 f5 15.
Nxd5 cxd5 16. Nh2 Be6 17. Nf3 Rad8 18. Nd4 Bc8 19. c3 Kh7 20. Kh2 a6 21. f4 b5
22. Be3 Bh8 23. Qf2 e6 24. Nb3 Qf7 25. Bc5 Rg8 26. Bd6 g5 27. Nd4 gxf4 28. gxf4
Ng3 29. Nc6 Rde8 30. Re3 Ne4 31. Bxe4 fxe4 32. Rg1 Rxg1 33. Qxg1 Qxf4+ 34. Qg3
Qf7 35. Qh4 Bd7 36. Ne7 Bxe5+ 37. Bxe5 Qxe7 38. Rg3 {Black later won.} 0-1

[Event "Mechanics' SummerTNM; 30/90, SD/30"]
[Site "San Francisco"]
[Date "2014.06.03"]
[Round "2.13"]
[White "Matz, James"]
[Black "Manvelyan, Hovik"]
[Result "0-1"]
[WhiteElo "1772"]
[BlackElo "2026"]
[PlyCount "75"]
[EventDate "2014.??.??"]

1. Nf3 d5 2. g3 c5 3. Bg2 Nc6 4. d3 e5 5. Nbd2 Nh6 6. e4 d4 7. Nc4 Ng4 8. h3 b5
9. Na3 Nf6 10. O-O a6 11. Nh2 Qd6 12. f4 h6 13. f5 Qc7 14. c4 b4 15. Nc2 a5 16.
b3 Bd7 17. Ng4 Be7 18. Nxf6+ Bxf6 19. Ne1 Nb8 20. Nf3 a4 21. Bd2 a3 22. g4 Qd8
23. Qe1 Qc7 24. Qg3 Nc6 25. h4 O-O-O 26. Kf2 Rdg8 27. Ke2 g6 28. Nh2 Qd8 29. g5
hxg5 30. hxg5 gxf5 31. Rxf5 Bxf5 32. exf5 Bxg5 33. Ng4 Bxd2 34. Qf3 e4 35. dxe4
Qg5 36. e5 Qxg4 37. Qxg4 Rxg4 38. Bxc6 0-1

[Event "Mechanics' SummerTNM; 30/90, SD/30"]
[Site "San Francisco"]
[Date "2014.07.15"]
[Round "8.20"]
[White "Matz, James"]
[Black "Nagle, Michael"]
[Result "1-0"]
[WhiteElo "1772"]
[BlackElo "1402"]
[Annotator "Donaldson"]
[PlyCount "45"]
[EventDate "2014.??.??"]

1. Nf3 d5 2. g3 c5 3. Bg2 Nc6 4. d3 e5 5. Nbd2 Be7 6. e4 d4 7. Nc4 b5 8. Ncxe5
Nxe5 9. Nxe5 Bd6 10. Nxf7 Kxf7 11. e5 Rb8 12. exd6 Qxd6 13. O-O Nf6 14. Bf4 Qb6
15. Bxb8 Qxb8 16. Re1 h5 17. h4 Rg8 18. Qd2 Qb6 19. Qf4 Be6 20. Re2 c4 21. Rae1
Re8 {Diagram #} 22. Rxe6 $1 Rxe6 23. Bd5 1-0